000
00355nam a2200145 a 4500
005
20140414093840.0
008
071008s19uu xx 00 eng d
050
_a
VCD 790
_b
MUN
245
_a
Munting tinig = small voices.
260
_a
Sl :
_b
Warner Brothers,
_c
200_?.
300
_a
2 videodisks
650
_a
Film.
942
_c
AVM
999
_c
109248
_d
109248